Statistics for Kurdish Cities Map Quiz

Click here to take the quiz!

General Stats

  • This quiz has been taken 229 times
  • The average score is 6 of 11

Answers on the Map

Answers color-coded by a green-red scale on the quiz's map according to % correct below.
 

Answer Stats

Answer% Correct
Diyarbakir
68%
Erbil
67%
Van
65%
Batman
61%
Al-Hasakah
59%
Sulaymaniyah
59%
Kermanshah
56%
Sanliurfa
53%
Elazig
47%
Malatya
45%
Sanandaj
30%

Score Distribution

Percentile by Number Answered

Percent of People with Each Score

Your Score History

You have not taken this quiz